书目信息 |
| 题名: |
战国史话
|
|
| 作者: | 谢齐 , 彭邦炯 著 | |
| 分册: | ||
| 出版信息: | 北京 中国国际广播出版社 2007 |
|
| 页数: | 228页 | |
| 开本: | 23cm | |
| 丛书名: | 中国历史大讲堂 | |
| 单 册: | ||
| 中图分类: | K231.09 | |
| 科图分类: | ||
| 主题词: | 战国时代--历史--通俗读物 | |
| 电子资源: | ||
| ISBN: | 978-7-5078-2763-7 | |
| 000 | 00815oam2 2200253 450 | |
| 001 | 1552002403 | |
| 005 | 20150116142754.98 | |
| 010 | @a978-7-5078-2763-7@dCNY18.00 | |
| 100 | @a20111117d2007 em y0chiy0110 ea | |
| 101 | 0 | @achi |
| 102 | @aCN@b110000 | |
| 105 | @aab z 000yy | |
| 200 | 1 | @a战国史话@Azhan guo shi hua@f谢齐,彭邦炯著 |
| 210 | @a北京@c中国国际广播出版社@d2007 | |
| 215 | @a228页@c图,地图@d23cm | |
| 225 | 2 | @a中国历史大讲堂 |
| 330 | @a本书详细介绍了战国时代的重大事件、经济发展、民族关系、中外交流、社会生活、哲学思想、文学艺术、科技发展等。 | |
| 461 | 0 | @12001 @a中国历史大讲堂 |
| 606 | 0 | @a战国时代@x历史@j通俗读物 |
| 690 | @aK231.09@v4 | |
| 701 | 0 | @a谢齐@Axie qi@4著 |
| 701 | 0 | @a彭邦炯@Apeng bang jiong@f(1938.12-)@4著 |
| 801 | 0 | @aCN@bTSSF@c20151115 |
| 905 | @aZUCC@dK231.09@eJY94 | |
| 战国史话/谢齐,彭邦炯著.-北京:中国国际广播出版社,2007 |
| 228页:图,地图;23cm.-(中国历史大讲堂) |
| ISBN 978-7-5078-2763-7:CNY18.00 |
| 本书详细介绍了战国时代的重大事件、经济发展、民族关系、中外交流、社会生活、哲学思想、文学艺术、科技发展等。 |
| ● |
| 相关链接 |
|
|
|
|
正题名:战国史话
索取号:K231.09/JY94
 
预约/预借
| 序号 | 登录号 | 条形码 | 馆藏地/架位号 | 状态 | 备注 |
| 1 | 7851115 | 278511157 | 学院路分馆/ [索取号:K231.09/JY94] | 在馆 | |
| 2 | 7851116 | 278511166 | 学院路分馆/ [索取号:K231.09/JY94] | 在馆 |